Normal view
MARC view
- أبو غزال، معاوية محمود
Entry Personal Name
001 - CONTROL NUMBER
- control field: 31134
003 - CONTROL NUMBER IDENTIFIER
- control field: JO-AjAnu
005 - DATE AND TIME OF LATEST TRANSACTION
- control field: 20230606075239.0
008 - FIXED-LENGTH DATA ELEMENTS
- fixed length control field: 230606|| aca||aabn | a|a d
040 ## - CATALOGING SOURCE
- Original cataloging agency: JO-AjAnu
- Transcribing agency: JO-AjAnu
100 ## - HEADING--PERSONAL NAME
- Personal name: أبو غزال، معاوية محمود
670 ## - SOURCE DATA FOUND
- Source citation: Work cat.: (JO-AjAnu)15988: أبو غزال، معاوية محمود, author, النمو الإنفعالي والإجتماعي: من الرضاعة الى المراهقة= Social and Emotional Development: from Infancy to Adolescence